书目信息 |
| 题名: |
简明结构吊装手册
|
|
| 作者: | 余厚极 编 | |
| 分册: | ||
| 出版信息: | 北京 中国建筑工业出版社 1995.05 |
|
| 页数: | 250页 | |
| 开本: | 26cm | |
| 丛书名: | ||
| 单 册: | ||
| 中图分类: | TU758.15-62 | |
| 科图分类: | ||
| 主题词: | 建筑工程--各种 | |
| 电子资源: | ||
| ISBN: | 7-112-02489-7 | |
| 000 | 00571nam0 2200193 45 | |
| 001 | 0256669703 | |
| 005 | 20061207160623.91 | |
| 010 | @a7-112-02489-7@dRMB 27.00 | |
| 100 | @a20021104d1995 km y0chiy0120 ea | |
| 101 | 0 | @achi |
| 102 | @aCN@b110000 | |
| 200 | 1 | @a简明结构吊装手册@Ajian ming jie gou diao zhuang shou ce@f余厚极编@FYu Hou Ji Bian |
| 210 | @a北京@c中国建筑工业出版社@d1995.05 | |
| 215 | @a250页@d26cm | |
| 606 | 0 | @a建筑工程@x各种 |
| 690 | @aTU758.15-62@v3 | |
| 701 | 0 | @a余厚极@AYu Hou Ji@4编 |
| 801 | 0 | @aCN@bPFT@c20061207 |
| 905 | @a10447@dTU758.15-62@eY756 | |
| 简明结构吊装手册/余厚极编.-北京:中国建筑工业出版社,1995.05 |
| 250页;26cm |
| ISBN 7-112-02489-7:RMB 27.00 |
| ● |
| 相关链接 |
|
|
|
正题名:简明结构吊装手册
索取号:TU758.15-62/Y756
 
预约/预借
| 序号 | 登录号 | 条形码 | 馆藏地/架位号 | 状态 | 备注 |
| 1 | 369868 | 203698686 | 建筑库201/201建筑库 74排2列1层/ [索取号:TU758.15-62/Y756] | 在馆 | |
| 2 | 369869 | 203698695 | 自科二线404/404自科库 14排4列3层/ [索取号:TU758.15-62/Y756] | 在馆 | |
| 3 | 369870 | 203698702 | 建筑库201/201建筑库 74排2列1层/ [索取号:TU758.15-62/Y756] | 在馆 | |
| 4 | 369871 | 203698711 | 建筑库201/201建筑库 74排2列1层/ [索取号:TU758.15-62/Y756] | 在馆 | |
| 5 | 369872 | 203698720 | 建筑库201/201建筑库 74排2列1层/ [索取号:TU758.15-62/Y756] | 在馆 | |
| 6 | 443709 | 204437092 | 土木与交通工程学院资料室/ [索取号:TU758.15-62/Y756] | 在馆 |